Statistiken für WCL Finale 22/23 Aufstellung

Klicken Sie hier um das Quiz zu spielen!

Allgemein

  • Dieses Quiz wurde 9 mal gespielt
  • Das Durchschnittsergebnis liegt bei 17 aus 22

Antwortstatistiken

SpielerinVereinPosition% Korrekt
Aitana BonmatiFC BarcelonaZM
100%
Alex PoppVfL WolfsburgST
100%
Caroline Graham HansenFC BarcelonaRF
100%
Keira WalshFC BarcelonaZM
100%
Lena OberdorfVfL WolfsburgZDM
100%
Mapi LeonFC BarcelonaIV
100%
Merle FrohmsVfL WolfsburgTW
100%
Sandra PanosFC BarcelonaTW
100%
Ewa PajorVfL WolfsburgLF
83%
Irene ParedesFC BarcelonaIV
83%
Kathrin HendrichVfL WolfsburgIV
83%
Lucy BronzeFC BarcelonaRV
83%
Lynn WilmsVfL WolfsburgRV
83%
Felicitas RauchVfL WolfsburgLV
67%
Fridolina RolföFC BarcelonaLV
67%
Patricia GuijarroFC BarcelonaZM
67%
Salma ParallueloFC BarcelonaST
67%
Sveindis JonsdottirVfL WolfsburgRF
67%
Dominique JanssenVfL WolfsburgIV
50%
Svenja HuthVfL WolfsburgZM
50%
Jill RoordVfL WolfsburgZM
33%
Maria CaldenteyFC BarcelonaLF
33%

Verteilung der Resultate

Perzentil nach korrekt beantworteten Fragen

Anzahl Personen mit jedem Resultat

Ihre Resultats-Entwicklung

Sie haben dieses Quiz noch nicht gespielt